000 00792nam a22001337a 4500
040 _cRUA
082 _aAGR RIT 2017 B630 Or.1
100 _aRITHIYA SEYHA រិទ្ធិយ៉ា សីហា
245 _acomparing of the time using molasses combine with leaves of lead tree on growth and yield of chinese kale ការប្រៀបធៀបពេលវេលាប្រើប្រាស់ស្កររងូផ្សំជាមួយនិងស្លឹកកន្ធំថេត នៅលើការលូតលាស់ និងតិន្នផលរបស់ខាត់ណាដើម
260 _aPhnom Penh
_bRUA
_c2017
300 _ax;31p
_bill;
_c29cm
856 _uhttps://drive.google.com/file/d/1Sy2-9l7iecpEr-kjVJkqtnrChPoB1ZEF/view?usp=sharing
942 _cAGR
999 _c17848
_d17848